01005nam a2200229 4500003000900000020001800009040002800027082001400055100004000069245009800109250001200207260005400219300001100273500019700284650003000481650004200511650003000553700004100583942001200624999001700636952012200653CO-ViMGA a9789584637840 aCO-ViMGAbspacCO-ViMGA04a809bP17c1 aParra Londoño, Jorge Iván9218610aCien remedios para la soledad /cJorge Iván Parra Londoño , Mauricio Rodríguez Múnera a1a. ed. aBogotá :bPróxima Centauri Ediciones,cc2013. a418 p. aEdición especial. Colección de actualización bibliográfica para la Red de Bibliotecas Públicas del Ministerio de Cultura. Plan Nacional de Lectura y Escritura Leer es mi Cuento, 201414aCrítica literaria9218714aLiteraturaxHistoria y crítica996814aReseñas de libros921881 aRodríguez Múnera, Mauricio92189 2ddccBK c33724d33724 00102ddc40708003aMEVIECARbMEVIECARd2015-12-18l0o809 P17cp29580r2018-03-23 00:00:00tEj . 1w2015-12-18yBK